000 02190nam a22002297a 4500
005 20260619161806.0
008 260619b |||||||| |||| 00| 0 eng d
020 _a9780143479246 (paperback)
082 _a320.954092 ZOR
100 _aZoramthanga
245 _aFrom guerrilla fighter to chief minister :
_ba memoir /
_cby Zoramthanga
260 _aHaryana;
_bPenguin Random House,
_c2026.
300 _axvi, 430 pages;
_c22 cm.
365 _bRs. 599.00
505 _aPrologue – Preface – Part 1: Glimpses of growing up: Part 2: The rise of MNF: Part 3: Jericho: Part 4: March over Mizoram: Part 5: Of Burma, brotherhood and ops: Part 6: The period around the China visit: Part 7: Mizoram and East Pakistan: Part 8: Aftermath and the operations that followed: Part 9: International mission: Part 10: To India: Zoramthanga’s life in pictures.
520 _aWhat does it take for a boy born in a remote hill village―during a world at war―to rise through fire, loss, exile, and battle to become the political leader who helps bring peace to an entire state? This is not just a political memoir. It is a story of struggle. A story of conviction. A story of one man who held his people’s future in his hands, and refused to let it slip into despair. In From Guerrilla Fighter to Chief Minister, Zoramthanga delivers an unforgettable, deeply human story of courage under impossible odds. You walk with him through burning towns, starvation years, jungle hideouts, and secret border crossings. You feel the fear of being hunted―and the stubborn hope that refuses to die. You witness friendships forged in danger, faith tested in darkness, and a movement that dared to dream of freedom. And then comes the hardest journey of all: learning to transform rebellion into reconciliation, and conflict into lasting peace. Raw, gripping, and profoundly inspiring, this book will stay with you long after the final page.
650 _aZoramthanga — Biography
650 _aMizo National Front — History
650 _aReconciliation — Political aspects — Mizoram (India)
650 _aChief ministers — Mizoram (India) — Biography
942 _2ddc
_cBK
999 _c218001
_d218001